Razvitije metoda rešeta
Saved in:
| Main Author: | |
|---|---|
| Format: | Book |
| Language: | Russian |
| Published: |
Dušanbe :
Doniš,
1984
|
| Edition: | 1. vyd. |
| Tags: |
No Tags, Be the first to tag this record!
|
MARC
| LEADER | 00000nam a22000003a 4500 | ||
|---|---|---|---|
| 001 | stu125179 | ||
| 005 | 20150617225904.2 | ||
| 008 | 060830s1984------------------------rus-d | ||
| 040 | |a STU |b slo | ||
| 041 | 0 | |a rus | |
| 080 | |a 539.3 | ||
| 100 | 1 | |a Eľnatanov, Boris Abajevič |4 aut | |
| 245 | 1 | |a Razvitije metoda rešeta | |
| 250 | |a 1. vyd. | ||
| 260 | |a Dušanbe : |b Doniš, |c 1984 | ||
| 300 | |a 144 s | ||
| 996 | |b E56228 |c E*56228 |l EE03 |s P |a 0 |w stu125179_0003 | ||